Представление документа в формате RUSMARC

ПолеНазваниеЗначение
  Тип записи a
  Библиографический уровень m
001 Контрольный номер RU/CBS_UL/BASE/597320658
005 Дата корректировки 20240326090211.0
010 Индекс ISBN __
b Уточнения в пер.
a ISBN 5-267-00257-7
d Цена 149 р. 00 к.
9 Тираж 5 000 экз.
100 Данные общей обработки __
a Данные общей обработки 20240326d2001 |||y0rusy0189 ca
101 Язык документа 0_
a Язык текста rus
102 Страна публикации __
a Страна публикации RU
105 Кодированные данные (монография) __
a Кодированные данные (монография) y###||||000|y
200 Заглавие и сведения об ответственности 1_
a Заглавие Черный квадрат
b Общее обозначение материала Текст
f Первые сведения об ответственности К. Малевич
203 Вид содержания и тип средства __
a Вид содержания Текст
b Характеристика содержания визуальное
c Тип средства непосредственный
210 Выходные данные 1_
a Место издания Санкт-Петербург
c Издательство Азбука
d Дата издания 2001
215 Физическое описание __
a Объем 575 с.
c Иллюстрации/тип воспроизводства ил.
d Формат 21 см.
225 Серия 1_
a Серия Наследие
320 Библиография __
a Библиография Библиогр.: с.568-572.
600 Персоналии _1
a Персоналии (Фамилия) Малевич
b Персоналии (Имя, инициалы) К.
g Полное имя Казимир
606 Тематические рубрики 0_
a Основная рубрика Живопись России и СССР
610 Ключевые слова 0_
a Ключевые слова искусство
a Ключевые слова живопись России
a Ключевые слова живопись СССР
686 Индексы других классификаций __
a Классификационный индекс 85.143(2)
2 Код системы rubbk
700 Автор _1
a Фамилия Малевич
b Имя (инициалы) Казимир
g Полное личное имя К.
4 Код отношения 070
801 Источник записи _0
a Страна RU
b Организация RuCBSGrad
c Дата составления 20240326
g Правила каталогизации RCR
801 Источник записи _1
a Страна RU
b Организация RuCBSGrad
c Дата составления 20240326
g Правила каталогизации RCR
852 Данные о местонахождении __
a Наименование организации МБУК "ЦБС г. Димитровграда"
z Тип записи R
899 Данные о местонахождении __
i Авторский знак М 18
901 Тип документа __
t Тип документа m
909 Создатель записи __
a Создатель записи Тенигина
b Дата создания записи 20240326